[Event "DVM U20 2019"]
[Site "Braunschweig GER"]
[Date "2019.12.29"]
[Round "6"]
[White "Seref, Erdogan"]
[Black "von Angern, Cedric"]
[Result "1/2-1/2"]
[Termination "normal"]
[Board "2.6"]
[WhiteElo "2003"]
[BlackElo "1867"]
[WhiteClock "00:03:17"]
[BlackClock "00:19:39"]
[WhiteTeam "SF Brackel"]
[BlackTeam "SG Aufbau Elbe Magdeburg"]
[PlyCount "112"]
[WhiteFideId "16206827"]
[BlackFideId "12921106"]
[EventCountry "GER"]
[EventRounds "7"]
[EventType "team-swiss"]
[EventDate "2019.12.26"]

1. Nf3 {[%clk 1:27:42]} Nf6 {[%clk 1:30:37]} 2. c4 {[%clk 1:27:57]} g6 {[%clk
1:30:29]} 3. g3 {[%clk 1:27:44]} Bg7 {[%clk 1:29:46]} 4. Bg2 {[%clk 1:27:55]}
c5 {[%clk 1:27:44]} 5. O-O {[%clk 1:28:11]} O-O {[%clk 1:28:12]} 6. Nc3 {[%clk
1:27:48]} Nc6 {[%clk 1:27:15]} 7. a3 {[%clk 1:23:42]} a6 {[%clk 1:17:16]} 8. b4
{[%clk 1:15:12]} cxb4 {[%clk 1:12:31]} 9. axb4 {[%clk 1:15:35]} Nxb4 {[%clk
1:11:43]} 10. d4 {[%clk 1:12:20]} d6 {[%clk 1:03:50]} 11. Qb3 {[%clk 1:09:59]}
Nc6 {[%clk 0:59:13]} 12. e4 {[%clk 1:04:40]} Qc7 {[%clk 0:56:11]} 13. c5 {[%clk
0:56:39]} dxc5 {[%clk 0:53:22]} 14. e5 {[%clk 0:55:40]} Nh5 {[%clk 0:45:50]}
15. Nd5 {[%clk 0:53:42]} Qd8 {[%clk 0:43:52]} 16. Rd1 {[%clk 0:46:16]} cxd4
{[%clk 0:33:14]} 17. Nxd4 {[%clk 0:44:27]} Nxd4 {[%clk 0:30:36]} 18. Rxd4
{[%clk 0:44:47]} Bxe5 {[%clk 0:27:56]} 19. Nf6+ {[%clk 0:41:36]} Nxf6 {[%clk
0:27:45]} 20. Rxd8 {[%clk 0:41:37]} Rxd8 {[%clk 0:28:14]} 21. Bb2 {[%clk
0:31:50]} Bxb2 {[%clk 0:28:22]} 22. Qxb2 {[%clk 0:32:13]} Rb8 {[%clk 0:26:40]}
23. Qa3 {[%clk 0:22:17]} Kf8 {[%clk 0:24:27]} 24. Rc1 {[%clk 0:19:20]} Be6
{[%clk 0:22:41]} 25. Bf3 {[%clk 0:15:04]} Nd5 {[%clk 0:16:40]} 26. Qb2 {[%clk
0:14:08]} Kg8 {[%clk 0:15:57]} 27. Qe5 {[%clk 0:14:27]} Rd6 {[%clk 0:11:21]}
28. h4 {[%clk 0:12:31]} f6 {[%clk 0:09:53]} 29. Qxe6+ {[%clk 0:12:57]} Rxe6
{[%clk 0:09:21]} 30. Bxd5 {[%clk 0:11:23]} b5 {[%clk 0:08:14]} 31. Bxe6+ Kf8
32. Rc8+ {[%clk 0:10:43]} Rxc8 {[%clk 0:08:39]} 33. Bxc8 {[%clk 0:11:08]} a5
{[%clk 0:09:05]} 34. Bd7 {[%clk 0:11:30]} b4 {[%clk 0:08:59]} 35. Ba4 {[%clk
0:11:57]} e5 {[%clk 0:08:34]} 36. Kf1 {[%clk 0:09:00]} Ke7 {[%clk 0:08:32]} 37.
Ke2 {[%clk 0:09:14]} Kd6 {[%clk 0:03:55]} 38. Kd3 {[%clk 0:09:32]} Kd5 {[%clk
0:03:43]} 39. Bb3+ {[%clk 0:02:34]} Kc5 {[%clk 0:03:19]} 40. Ke4 {[%clk
0:00:41]} Kb5 {[%clk 0:00:52]} 41. Kd5 {[%clk 0:30:05]} a4 {[%clk 0:30:38]} 42.
Bc4+ {[%clk 0:30:30]} Ka5 {[%clk 0:31:01]} 43. Kc5 {[%clk 0:26:55]} b3 {[%clk
0:28:58]} 44. h5 {[%clk 0:18:43]} gxh5 {[%clk 0:26:46]} 45. Be6 {[%clk
0:18:39]} f5 {[%clk 0:23:21]} 46. Kc4 {[%clk 0:18:34]} f4 {[%clk 0:23:27]} 47.
gxf4 {[%clk 0:11:56]} exf4 {[%clk 0:23:53]} 48. Bd7 {[%clk 0:10:17]} h4 {[%clk
0:23:29]} 49. Kc3 {[%clk 0:09:40]} f3 {[%clk 0:19:17]} 50. Bf5 {[%clk 0:04:35]}
Kb5 {[%clk 0:18:30]} 51. Bxh7 {[%clk 0:02:49]} h3 {[%clk 0:18:18]} 52. Be4
{[%clk 0:03:16]} h2 {[%clk 0:18:37]} 53. Bxf3 {[%clk 0:03:43]} Kc5 {[%clk
0:19:00]} 54. Be4 {[%clk 0:03:39]} Kd6 {[%clk 0:19:09]} 55. f4 {[%clk 0:04:06]}
Ke6 {[%clk 0:19:21]} 56. Kb2 {[%clk 0:03:17]} h1=Q {[%clk 0:19:39]} 1/2-1/2

[Event "DVM U20 2019"]
[Site "Braunschweig GER"]
[Date "2019.12.29"]
[Round "6"]
[White "Goldbeck, Lars"]
[Black "Hoffmann, Jens"]
[Result "1/2-1/2"]
[Termination "normal"]
[Board "3.1"]
[WhiteElo "2312"]
[BlackElo "2113"]
[WhiteClock "00:47:05"]
[BlackClock "00:01:39"]
[WhiteTeam "SC Bavaria Regensburg"]
[BlackTeam "SF HN-Biberach 1978 e.V."]
[PlyCount "137"]
[WhiteFideId "16208188"]
[BlackFideId "12946320"]
[EventCountry "GER"]
[EventRounds "7"]
[EventType "team-swiss"]
[EventDate "2019.12.26"]

1. Nf3 {[%clk 1:30:47]} Nf6 {[%clk 1:30:48]} 2. c4 {[%clk 1:30:44]} g6 {[%clk
1:27:48]} 3. Nc3 {[%clk 1:31:10]} c5 {[%clk 1:28:07]} 4. g3 {[%clk 1:31:03]}
Bg7 {[%clk 1:28:27]} 5. Bg2 {[%clk 1:31:28]} Nc6 {[%clk 1:27:15]} 6. d3 {[%clk
1:31:37]} O-O {[%clk 1:26:31]} 7. Bd2 {[%clk 1:32:01]} d6 {[%clk 1:25:05]} 8.
Qc1 {[%clk 1:29:44]} h5 {[%clk 1:15:37]} 9. h3 {[%clk 1:27:41]} Rb8 {[%clk
1:14:38]} 10. O-O {[%clk 1:22:50]} a6 {[%clk 1:14:33]} 11. Ng5 {[%clk 1:20:10]}
Bd7 {[%clk 1:12:39]} 12. a4 {[%clk 1:17:59]} Nd4 {[%clk 1:06:24]} 13. Qd1
{[%clk 1:15:23]} Bc6 {[%clk 0:49:24]} 14. Nd5 {[%clk 1:09:23]} b5 {[%clk
0:32:17]} 15. e3 {[%clk 1:09:15]} bxc4 {[%clk 0:31:43]} 16. Ba5 Qxa5 {[%clk
0:15:10]} 17. Nxe7+ {[%clk 0:57:02]} Kh8 {[%clk 0:15:32]} 18. Nxc6 {[%clk
0:34:41]} Nxc6 {[%clk 0:15:56]} 19. Bxc6 {[%clk 0:35:07]} Qc7 {[%clk 0:06:35]}
20. Bg2 {[%clk 0:35:20]} cxd3 {[%clk 0:06:48]} 21. Qxd3 {[%clk 0:35:26]} Rxb2
{[%clk 0:04:04]} 22. Qxa6 {[%clk 0:34:47]} Nh7 {[%clk 0:03:02]} 23. Nxh7 {[%clk
0:34:08]} Kxh7 {[%clk 0:03:31]} 24. Rad1 {[%clk 0:33:57]} Rb6 {[%clk 0:03:14]}
25. Qd3 {[%clk 0:32:20]} c4 {[%clk 0:03:21]} 26. Qd5 {[%clk 0:32:38]} c3 {[%clk
0:02:52]} 27. Be4 {[%clk 0:31:57]} Qc5 {[%clk 0:03:08]} 28. a5 {[%clk 0:28:40]}
Ra6 {[%clk 0:03:36]} 29. Qxc5 {[%clk 0:28:22]} dxc5 {[%clk 0:04:04]} 30. Ra1
{[%clk 0:28:08]} Rd8 {[%clk 0:03:52]} 31. Kg2 {[%clk 0:26:13]} Rd7 {[%clk
0:03:21]} 32. Ra4 {[%clk 0:25:19]} Rda7 {[%clk 0:02:57]} 33. Rfa1 {[%clk
0:25:02]} c2 {[%clk 0:02:51]} 34. Rc1 {[%clk 0:25:31]} Bc3 {[%clk 0:02:20]} 35.
Rxc2 {[%clk 0:25:47]} Bb4 {[%clk 0:02:42]} 36. Bd5 {[%clk 0:25:02]} Kg7 {[%clk
0:02:57]} 37. Rc4 {[%clk 0:24:55]} Rxa5 38. Rxa5 {[%clk 0:25:24]} Rxa5 {[%clk
0:03:05]} 39. Rf4 {[%clk 0:25:34]} Ra7 {[%clk 0:02:38]} 40. Re4 {[%clk
0:24:57]} Rd7 {[%clk 0:02:30]} 41. Bc4 {[%clk 0:25:15]} Ra7 {[%clk 0:30:29]}
42. Re8 {[%clk 0:54:28]} Rd7 {[%clk 0:24:33]} 43. Rc8 {[%clk 0:54:36]} Be1
{[%clk 0:23:09]} 44. Kf1 {[%clk 0:53:25]} Bb4 {[%clk 0:23:36]} 45. e4 {[%clk
0:52:15]} Re7 {[%clk 0:21:18]} 46. Bd5 {[%clk 0:52:22]} Ra7 {[%clk 0:21:24]}
47. Ke2 {[%clk 0:52:21]} Re7 {[%clk 0:21:24]} 48. Kf3 {[%clk 0:50:16]} Ra7
{[%clk 0:21:31]} 49. Kg2 {[%clk 0:50:05]} Rd7 {[%clk 0:21:05]} 50. Rc6 {[%clk
0:49:33]} Re7 {[%clk 0:20:19]} 51. f4 {[%clk 0:48:53]} Rd7 {[%clk 0:20:46]} 52.
Kf3 {[%clk 0:48:50]} Ra7 {[%clk 0:08:17]} 53. Kg2 {[%clk 0:49:15]} Rd7 {[%clk
0:08:30]} 54. Ra6 {[%clk 0:48:44]} Bc3 {[%clk 0:08:36]} 55. Kf3 {[%clk
0:48:53]} Bd4 {[%clk 0:06:50]} 56. h4 {[%clk 0:48:28]} Rc7 {[%clk 0:04:19]} 57.
Ra4 {[%clk 0:47:52]} Rd7 {[%clk 0:04:34]} 58. Ra2 {[%clk 0:47:41]} f5 {[%clk
0:02:59]} 59. Ra6 {[%clk 0:47:41]} fxe4+ {[%clk 0:01:54]} 60. Bxe4 {[%clk
0:47:55]} Bf6 {[%clk 0:02:16]} 61. Rc6 {[%clk 0:48:08]} Ra7 {[%clk 0:02:21]}
62. Rxc5 {[%clk 0:48:01]} Ra3+ {[%clk 0:02:50]} 63. Kg2 {[%clk 0:48:21]} Ra2+
{[%clk 0:03:14]} 64. Kh3 {[%clk 0:47:57]} Re2 {[%clk 0:02:09]} 65. Bc2 {[%clk
0:47:46]} Re3 {[%clk 0:01:46]} 66. Rc7+ {[%clk 0:47:49]} Re7 {[%clk 0:02:00]}
67. Rc6 {[%clk 0:48:14]} Re3 {[%clk 0:01:24]} 68. Kg2 {[%clk 0:47:16]} Rc3
{[%clk 0:01:39]} 69. Rxc3 {[%clk 0:47:05]} 1/2-1/2

[Event "DVM U20 2019"]
[Site "Braunschweig GER"]
[Date "2019.12.29"]
[Round "6"]
[White "Oberhofer, Cédric"]
[Black "Triantafillidis, Simeon"]
[Result "1/2-1/2"]
[Termination "normal"]
[Board "3.3"]
[WhiteElo "2260"]
[BlackElo "1931"]
[WhiteClock "00:22:03"]
[BlackClock "00:23:33"]
[WhiteTeam "SC Bavaria Regensburg"]
[BlackTeam "SF HN-Biberach 1978 e.V."]
[PlyCount "66"]
[WhiteFideId "12941220"]
[BlackFideId "12953113"]
[EventCountry "GER"]
[EventRounds "7"]
[EventType "team-swiss"]
[EventDate "2019.12.26"]

1. e4 {[%clk 1:30:54]} e5 {[%clk 1:30:44]} 2. Nf3 {[%clk 1:31:13]} Nc6 {[%clk
1:31:07]} 3. Bb5 {[%clk 1:31:34]} g6 {[%clk 1:31:19]} 4. O-O {[%clk 1:31:31]}
Bg7 {[%clk 1:31:37]} 5. c3 {[%clk 1:30:02]} Nge7 {[%clk 1:31:43]} 6. Re1 {[%clk
1:30:06]} O-O {[%clk 1:31:40]} 7. d3 {[%clk 1:25:54]} d6 {[%clk 1:29:29]} 8.
Nbd2 {[%clk 1:24:10]} h6 {[%clk 1:14:02]} 9. Nf1 {[%clk 1:18:37]} f5 {[%clk
1:05:52]} 10. exf5 {[%clk 1:11:02]} Nxf5 {[%clk 1:05:53]} 11. Ng3 {[%clk
1:02:33]} Nxg3 {[%clk 0:58:30]} 12. hxg3 {[%clk 1:01:05]} Bg4 {[%clk 0:56:50]}
13. Qa4 {[%clk 0:59:29]} Bxf3 {[%clk 0:52:09]} 14. gxf3 {[%clk 0:59:53]} Qf6
{[%clk 0:51:25]} 15. Bxc6 {[%clk 0:50:38]} bxc6 {[%clk 0:51:43]} 16. Qxc6
{[%clk 0:51:03]} Qxf3 {[%clk 0:52:02]} 17. Qxf3 {[%clk 0:51:27]} Rxf3 {[%clk
0:52:26]} 18. Be3 {[%clk 0:51:52]} d5 {[%clk 0:46:47]} 19. d4 {[%clk 0:49:02]}
e4 {[%clk 0:44:38]} 20. Rac1 {[%clk 0:47:01]} Rb8 {[%clk 0:43:18]} 21. b3
{[%clk 0:43:56]} g5 {[%clk 0:31:26]} 22. c4 {[%clk 0:40:34]} c5 {[%clk
0:30:23]} 23. Red1 {[%clk 0:38:47]} cxd4 {[%clk 0:28:12]} 24. Bxd4 {[%clk
0:39:12]} Bxd4 {[%clk 0:28:33]} 25. Rxd4 {[%clk 0:39:40]} dxc4 {[%clk 0:28:53]}
26. Rdxc4 {[%clk 0:39:35]} Rbf8 {[%clk 0:29:13]} 27. Rxe4 {[%clk 0:30:55]} Rxf2
{[%clk 0:29:29]} 28. Re7 {[%clk 0:29:06]} Rxa2 {[%clk 0:22:32]} 29. Rcc7 {[%clk
0:29:22]} Rff2 {[%clk 0:22:52]} 30. Rc8+ {[%clk 0:24:57]} Rf8 {[%clk 0:23:11]}
31. Rcc7 {[%clk 0:25:22]} Rff2 {[%clk 0:23:23]} 32. Rc8+ {[%clk 0:21:39]} Rf8
{[%clk 0:23:45]} 33. Rcc7 {[%clk 0:22:03]} Rff2 {[%clk 0:23:33]} 1/2-1/2

[Event "DVM U20 2019"]
[Site "Braunschweig GER"]
[Date "2019.12.29"]
[Round "6"]
[White "Fischer, Patrick"]
[Black "Gabler, Eric"]
[Result "0-1"]
[Termination "normal"]
[Board "3.4"]
[WhiteElo "1604"]
[BlackElo "2064"]
[WhiteClock "01:24:18"]
[BlackClock "01:04:04"]
[WhiteTeam "SF HN-Biberach 1978 e.V."]
[BlackTeam "SC Bavaria Regensburg"]
[PlyCount "21"]
[WhiteFideId "12953075"]
[BlackFideId "12949841"]
[EventCountry "GER"]
[EventRounds "7"]
[EventType "team-swiss"]
[EventDate "2019.12.26"]

1. e4 {[%clk 1:30:57]} c5 {[%clk 1:30:51]} 2. c3 {[%clk 1:31:22]} d5 {[%clk
1:30:27]} 3. exd5 {[%clk 1:31:08]} Qxd5 {[%clk 1:30:50]} 4. d4 {[%clk 1:31:31]}
Nc6 {[%clk 1:30:48]} 5. Be3 {[%clk 1:29:59]} cxd4 {[%clk 1:22:34]} 6. Bxd4
{[%clk 1:29:43]} Nxd4 {[%clk 1:20:09]} 7. Qxd4 {[%clk 1:30:06]} Qxd4 {[%clk
1:19:44]} 8. cxd4 {[%clk 1:30:30]} Nf6 {[%clk 1:19:20]} 9. Bb5+ {[%clk
1:30:13]} Nd7 {[%clk 1:03:52]} 10. Nf3 {[%clk 1:24:51]} a6 {[%clk 1:04:04]} 11.
Nc3 {[%clk 1:24:18]} 0-1

[Event "DVM U20 2019"]
[Site "Braunschweig GER"]
[Date "2019.12.29"]
[Round "6"]
[White "Ließ, Alexander"]
[Black "Späth, René"]
[Result "1-0"]
[Termination "normal"]
[Board "3.5"]
[WhiteElo "1852"]
[BlackElo "1584"]
[WhiteClock "00:11:27"]
[BlackClock "00:26:11"]
[WhiteTeam "SC Bavaria Regensburg"]
[BlackTeam "SF HN-Biberach 1978 e.V."]
[PlyCount "73"]
[WhiteFideId "16221338"]
[BlackFideId "16224272"]
[EventCountry "GER"]
[EventRounds "7"]
[EventType "team-swiss"]
[EventDate "2019.12.26"]

1. d4 {[%clk 1:30:54]} d5 {[%clk 1:30:55]} 2. c4 {[%clk 1:31:03]} e6 {[%clk
1:31:19]} 3. Nf3 {[%clk 1:31:28]} Nf6 {[%clk 1:31:34]} 4. g3 {[%clk 1:31:40]}
Nbd7 {[%clk 1:30:22]} 5. Bg2 {[%clk 1:29:36]} c6 {[%clk 1:27:18]} 6. b3 {[%clk
1:25:22]} Bd6 {[%clk 1:26:31]} 7. Bb2 {[%clk 1:24:34]} O-O {[%clk 1:26:03]} 8.
Nc3 {[%clk 1:23:49]} dxc4 {[%clk 1:22:31]} 9. bxc4 {[%clk 1:21:25]} e5 {[%clk
1:21:52]} 10. d5 {[%clk 1:13:04]} cxd5 {[%clk 1:16:59]} 11. cxd5 {[%clk
1:08:57]} Re8 {[%clk 1:14:32]} 12. O-O {[%clk 0:57:34]} Nb6 {[%clk 1:08:52]}
13. e4 {[%clk 0:50:36]} Bg4 {[%clk 1:04:37]} 14. Qb3 {[%clk 0:48:21]} Rc8
{[%clk 1:00:51]} 15. Nd2 {[%clk 0:43:20]} Qd7 {[%clk 0:58:00]} 16. a4 {[%clk
0:39:15]} Qd8 {[%clk 0:43:40]} 17. Nb5 {[%clk 0:30:47]} a6 {[%clk 0:38:19]} 18.
Nxd6 {[%clk 0:24:03]} Qxd6 {[%clk 0:38:29]} 19. h3 {[%clk 0:24:11]} Bh5 {[%clk
0:38:01]} 20. Ba3 {[%clk 0:20:07]} Qd8 {[%clk 0:36:43]} 21. Rfc1 {[%clk
0:20:08]} Nbd7 {[%clk 0:30:48]} 22. Qxb7 {[%clk 0:18:05]} Rb8 {[%clk 0:30:20]}
23. Qc7 {[%clk 0:16:46]} Qxc7 {[%clk 0:29:37]} 24. Rxc7 {[%clk 0:17:10]} Nb6
{[%clk 0:29:44]} 25. a5 {[%clk 0:16:06]} Na4 {[%clk 0:28:41]} 26. Nc4 {[%clk
0:13:50]} Rec8 {[%clk 0:27:55]} 27. Rxc8+ {[%clk 0:13:33]} Rxc8 {[%clk
0:28:18]} 28. Nxe5 {[%clk 0:13:44]} Nc3 {[%clk 0:28:05]} 29. f3 {[%clk
0:13:26]} Ne2+ {[%clk 0:27:46]} 30. Kf2 {[%clk 0:12:05]} Rc2 {[%clk 0:26:36]}
31. Ke3 {[%clk 0:12:12]} Nxg3 {[%clk 0:26:29]} 32. Rc1 {[%clk 0:12:21]} Re2+
{[%clk 0:25:23]} 33. Kf4 {[%clk 0:10:58]} Rxe4+ {[%clk 0:25:16]} 34. fxe4
{[%clk 0:10:48]} Ne2+ {[%clk 0:25:41]} 35. Ke3 {[%clk 0:11:10]} Nxc1 {[%clk
0:26:03]} 36. Bxc1 {[%clk 0:11:34]} Bd1 {[%clk 0:26:11]} 37. Bf1 {[%clk
0:11:27]} 1-0

[Event "DVM U20 2019"]
[Site "Braunschweig GER"]
[Date "2019.12.29"]
[Round "6"]
[White "Gerold, Robin"]
[Black "Brüll, Elias"]
[Result "0-1"]
[Termination "normal"]
[Board "3.6"]
[WhiteElo "1448"]
[BlackElo "1797"]
[WhiteClock "00:45:22"]
[BlackClock "00:30:26"]
[WhiteTeam "SF HN-Biberach 1978 e.V."]
[BlackTeam "SC Bavaria Regensburg"]
[PlyCount "134"]
[WhiteFideId "16235185"]
[BlackFideId "12964921"]
[EventCountry "GER"]
[EventRounds "7"]
[EventType "team-swiss"]
[EventDate "2019.12.26"]

1. e4 {[%clk 1:30:34]} c5 {[%clk 1:30:55]} 2. Nf3 {[%clk 1:31:00]} d6 {[%clk
1:31:20]} 3. Bb5+ {[%clk 1:31:20]} Nd7 {[%clk 1:31:38]} 4. Bxd7+ {[%clk
1:30:23]} Bxd7 {[%clk 1:31:52]} 5. c4 {[%clk 1:30:40]} Nf6 {[%clk 1:24:56]} 6.
Nc3 {[%clk 1:25:09]} g6 {[%clk 1:24:24]} 7. O-O {[%clk 1:25:07]} Bg7 {[%clk
1:24:35]} 8. d4 {[%clk 1:24:16]} cxd4 {[%clk 1:23:34]} 9. Nxd4 {[%clk 1:23:25]}
O-O {[%clk 1:22:32]} 10. Be3 {[%clk 1:19:04]} Ng4 {[%clk 0:54:44]} 11. Qd2
{[%clk 0:56:10]} Rc8 {[%clk 0:47:03]} 12. b3 {[%clk 0:54:50]} Qa5 {[%clk
0:40:44]} 13. Nd5 {[%clk 0:54:10]} Qxd2 {[%clk 0:40:21]} 14. Bxd2 {[%clk
0:53:27]} Bxd4 {[%clk 0:40:02]} 15. Nxe7+ {[%clk 0:53:39]} Kg7 {[%clk 0:37:51]}
16. Nxc8 {[%clk 0:54:03]} Bxa1 {[%clk 0:37:34]} 17. Nxd6 {[%clk 0:54:25]} Be5
{[%clk 0:35:42]} 18. Nxb7 {[%clk 0:51:28]} Bxh2+ {[%clk 0:30:14]} 19. Kh1
{[%clk 0:51:51]} Bc7 {[%clk 0:29:09]} 20. Nc5 {[%clk 0:48:31]} Bc6 {[%clk
0:27:37]} 21. f3 {[%clk 0:48:37]} Ne5 {[%clk 0:23:53]} 22. Bc3 {[%clk 0:47:18]}
Kg8 {[%clk 0:23:56]} 23. Rd1 {[%clk 0:45:39]} Bb6 {[%clk 0:20:47]} 24. Bxe5
{[%clk 0:45:21]} Bxc5 {[%clk 0:21:03]} 25. Bf6 {[%clk 0:43:30]} Re8 {[%clk
0:15:47]} 26. e5 {[%clk 0:43:00]} a5 {[%clk 0:12:38]} 27. Kh2 {[%clk 0:37:16]}
a4 {[%clk 0:10:13]} 28. Rd3 {[%clk 0:35:51]} Rb8 {[%clk 0:09:42]} 29. g4 {[%clk
0:32:01]} Kf8 {[%clk 0:09:15]} 30. Kg3 {[%clk 0:32:10]} axb3 {[%clk 0:09:19]}
31. axb3 {[%clk 0:32:31]} Be7 {[%clk 0:09:31]} 32. g5 {[%clk 0:31:33]} Ke8
{[%clk 0:07:15]} 33. Re3 {[%clk 0:27:20]} Bd7 {[%clk 0:06:53]} 34. Rc3 {[%clk
0:23:43]} Be6 {[%clk 0:06:37]} 35. f4 {[%clk 0:23:41]} Bf8 {[%clk 0:05:12]} 36.
Kf3 {[%clk 0:23:38]} h5 {[%clk 0:04:55]} 37. gxh6 {[%clk 0:23:50]} Bxh6 {[%clk
0:05:13]} 38. Ke4 {[%clk 0:24:12]} Bf8 {[%clk 0:04:28]} 39. Kd4 {[%clk
0:23:58]} Kd7 {[%clk 0:04:21]} 40. c5 {[%clk 0:22:42]} Rb4+ {[%clk 0:01:54]}
41. Kd3 {[%clk 0:22:18]} Rxb3 {[%clk 0:28:10]} 42. c6+ {[%clk 0:52:45]} Kc8
{[%clk 0:28:00]} 43. Rxb3 {[%clk 0:51:06]} Bxb3 {[%clk 0:28:21]} 44. Ke4 {[%clk
0:51:32]} Be6 {[%clk 0:28:34]} 45. Bh4 {[%clk 0:51:18]} Kc7 {[%clk 0:28:51]}
46. Be1 {[%clk 0:51:37]} Kxc6 {[%clk 0:28:57]} 47. Kf3 {[%clk 0:51:28]} Kd5
{[%clk 0:29:08]} 48. Bd2 {[%clk 0:51:28]} Bf5 {[%clk 0:29:18]} 49. Ba5 {[%clk
0:50:17]} Bc5 {[%clk 0:28:25]} 50. Be1 {[%clk 0:49:18]} Bc2 {[%clk 0:28:15]}
51. Kg4 {[%clk 0:49:07]} Be7 {[%clk 0:27:52]} 52. Bd2 {[%clk 0:48:00]} Ke4
{[%clk 0:27:53]} 53. Kg3 {[%clk 0:46:25]} Bc5 {[%clk 0:27:18]} 54. Ba5 {[%clk
0:44:10]} Be3 {[%clk 0:27:32]} 55. Bb4 {[%clk 0:43:26]} Bxf4+ {[%clk 0:27:51]}
56. Kg4 {[%clk 0:43:45]} Bd1+ {[%clk 0:28:04]} 57. Kh3 {[%clk 0:44:07]} Kxe5
{[%clk 0:28:11]} 58. Bc3+ {[%clk 0:44:18]} Ke4 {[%clk 0:28:25]} 59. Kg2 {[%clk
0:44:22]} Bf3+ {[%clk 0:28:37]} 60. Kf2 {[%clk 0:44:32]} g5 {[%clk 0:28:54]}
61. Ba5 {[%clk 0:44:30]} g4 {[%clk 0:29:01]} 62. Kg1 {[%clk 0:44:25]} g3 {[%clk
0:29:16]} 63. Bb6 {[%clk 0:44:26]} Be3+ {[%clk 0:29:18]} 64. Bxe3 {[%clk
0:44:39]} Kxe3 {[%clk 0:29:42]} 65. Kf1 {[%clk 0:44:57]} g2+ {[%clk 0:29:56]}
66. Kg1 {[%clk 0:45:17]} Bd5 {[%clk 0:30:02]} 67. Kh2 {[%clk 0:45:22]} Kf2
{[%clk 0:30:26]} 0-1

[Event "DVM U20 2019"]
[Site "Braunschweig GER"]
[Date "2019.12.29"]
[Round "6"]
[White "Stelmaszyk, Nico"]
[Black "Kololli, Martin"]
[Result "1-0"]
[Termination "normal"]
[Board "4.1"]
[BlackTitle "FM"]
[WhiteElo "2194"]
[BlackElo "2343"]
[WhiteClock "00:07:54"]
[BlackClock "00:26:24"]
[WhiteTeam "SK Lehrte"]
[BlackTeam "Lübecker SV"]
[PlyCount "119"]
[WhiteFideId "16200462"]
[BlackFideId "12936910"]
[EventCountry "GER"]
[EventRounds "7"]
[EventType "team-swiss"]
[EventDate "2019.12.26"]

1. e4 {[%clk 1:30:57]} c5 {[%clk 1:30:55]} 2. Nf3 {[%clk 1:31:23]} g6 {[%clk
1:31:18]} 3. d4 {[%clk 1:31:49]} cxd4 4. Qxd4 {[%clk 1:32:14]} Nf6 {[%clk
1:32:05]} 5. e5 {[%clk 1:32:40]} Nc6 {[%clk 1:32:29]} 6. Qa4 {[%clk 1:33:07]}
Nd5 {[%clk 1:32:52]} 7. Qe4 {[%clk 1:33:32]} Nb6 {[%clk 1:33:15]} 8. Nc3 {[%clk
1:33:57]} Bg7 {[%clk 1:33:11]} 9. Bf4 {[%clk 1:33:57]} d5 {[%clk 1:30:42]} 10.
exd6 {[%clk 1:34:20]} Bf5 {[%clk 1:29:04]} 11. Qe3 {[%clk 1:34:20]} O-O {[%clk
1:22:53]} 12. O-O-O {[%clk 1:34:40]} exd6 {[%clk 1:11:37]} 13. Rxd6 {[%clk
1:35:01]} Qc8 {[%clk 1:11:51]} 14. Bh6 {[%clk 1:35:25]} Re8 {[%clk 1:05:30]}
15. Qd2 {[%clk 1:35:45]} Bh8 {[%clk 0:58:56]} 16. Bb5 {[%clk 1:36:07]} a6
{[%clk 0:29:27]} 17. Be2 {[%clk 1:36:30]} Qc7 {[%clk 0:24:52]} 18. Bf4 {[%clk
1:36:54]} Ne5 {[%clk 0:15:14]} 19. Nxe5 {[%clk 1:25:49]} Bxe5 {[%clk 0:15:20]}
20. Bxe5 {[%clk 1:26:08]} Rxe5 {[%clk 0:15:45]} 21. Rd1 {[%clk 1:25:40]} Rae8
{[%clk 0:11:03]} 22. Rd8 {[%clk 1:21:46]} Nd7 {[%clk 0:05:33]} 23. Rxe8+ {[%clk
1:09:30]} Rxe8 {[%clk 0:05:57]} 24. g4 {[%clk 1:09:42]} Be6 {[%clk 0:05:46]}
25. f4 {[%clk 1:10:05]} Nf6 {[%clk 0:04:38]} 26. f5 {[%clk 1:09:40]} Bc8 {[%clk
0:00:38]} 27. g5 {[%clk 1:09:40]} Nd7 {[%clk 0:00:53]} 28. Nd5 {[%clk 0:57:47]}
Qxh2 {[%clk 0:00:33]} 29. f6 {[%clk 0:54:39]} Nf8 {[%clk 0:00:36]} 30. Ne7+
{[%clk 0:50:39]} Kh8 {[%clk 0:01:05]} 31. Qe3 {[%clk 0:47:26]} Be6 {[%clk
0:00:40]} 32. Bf3 {[%clk 0:45:56]} Qg3 {[%clk 0:00:47]} 33. Rg1 {[%clk
0:44:23]} Qc7 {[%clk 0:01:10]} 34. Be4 {[%clk 0:39:12]} Rd8 {[%clk 0:01:08]}
35. Bd3 {[%clk 0:29:57]} Qd6 {[%clk 0:01:26]} 36. Kb1 {[%clk 0:21:27]} Nd7
{[%clk 0:01:05]} 37. Qf3 {[%clk 0:14:42]} Qd4 {[%clk 0:00:32]} 38. Rh1 {[%clk
0:12:18]} Nf8 {[%clk 0:00:57]} 39. Qxb7 {[%clk 0:10:35]} Qd6 {[%clk 0:00:32]}
40. b3 {[%clk 0:32:58]} Rd7 {[%clk 0:00:32]} 41. Qxa6 {[%clk 0:23:56]} Qd4
{[%clk 0:29:13]} 42. Qa8 {[%clk 0:21:32]} Rd8 {[%clk 0:29:26]} 43. Nc6 {[%clk
0:20:42]} Rxa8 {[%clk 0:29:42]} 44. Nxd4 {[%clk 0:21:07]} h5 {[%clk 0:29:52]}
45. gxh6 {[%clk 0:21:12]} Bd5 {[%clk 0:30:11]} 46. Re1 {[%clk 0:21:05]} Kh7
{[%clk 0:30:10]} 47. c4 {[%clk 0:21:07]} Be6 {[%clk 0:30:20]} 48. Be4 {[%clk
0:19:15]} Re8 {[%clk 0:30:29]} 49. Kc1 {[%clk 0:15:22]} Kxh6 {[%clk 0:27:35]}
50. Bd5 {[%clk 0:13:58]} Kg5 {[%clk 0:27:32]} 51. Bxe6 {[%clk 0:14:02]} fxe6
{[%clk 0:26:48]} 52. f7 {[%clk 0:14:21]} Re7 {[%clk 0:27:13]} 53. c5 {[%clk
0:13:40]} Kf6 {[%clk 0:26:19]} 54. Rf1+ {[%clk 0:13:36]} Kg7 {[%clk 0:26:43]}
55. c6 {[%clk 0:13:43]} Rc7 {[%clk 0:26:59]} 56. Re1 {[%clk 0:13:37]} Kf6
{[%clk 0:26:45]} 57. Rxe6+ {[%clk 0:07:45]} Kxf7 {[%clk 0:26:58]} 58. Re1
{[%clk 0:07:47]} Rc8 {[%clk 0:26:34]} 59. b4 {[%clk 0:07:59]} Rd8 {[%clk
0:26:24]} 60. Re4 {[%clk 0:07:54]} 1-0